Ethos, Pathos, and Logos The Best of the Advocates' Society Journal 1982–2004 /

Detalles Bibliográficos
Autor principal: Stockwood, David
Otros Autores: Spiro, David E.
Formato: eBook
Lenguaje:inglés
Publicado: Toronto: Irwin Law Inc., 2005
Materias:
Acceso en línea:Acceso restringido

MARC

LEADER 00000nam a22000007a 4500
005 20210831131950.0
007 cr|||| |||
008 210831s2005 ca |||||s|||| 00||0 eng d
020 |a 9781459313590 
035 |a 35285 
040 |a vLex 
090 |c 12174  |d 12174 
100 1 |a Stockwood, David 
245 1 0 |a Ethos, Pathos, and Logos  |h [Recurso electrn̤ico] :  |b The Best of the Advocates' Society Journal 1982–2004 /  |c David Stockwood, David E. Spiro 
256 |a Servicio en ln̕ea 
260 |a Toronto:  |b Irwin Law Inc.,  |c 2005 
300 |a 1 recurso electrn̤ico 
500 |a For the past twenty-two years, the Advocates’ Society Journal has played a unique role in legal education in Canada. As a publication dedicated to informing advocates, it has brought together the ideas of leading legal minds to provide experienced and insightful views on both advocacy and advocates. Indeed, the Journal has provided a veritable “how to” for the practice of advocacy before courts and tribunals. The twenty-four articles in this volume provide a sampling of the wisdom, the insights, the experience, and the humour that readers have come to expect from the pages of the Journal. The collection includes pieces by past and present justices of the Supreme Court of Canada and the Ontario Court of Appeal as well as several eminent trial lawyers. It covers all aspects of the art of written and oral advocacy in both criminal and civil trials. The book is dedicated to the late David Sgayias Q.C., former Chief General Counsel of the Federal Department of Justice, and an outstanding counsel, author, and legal scholar. 
506 1 |a Disponible solo en los productos indicados  |d vLex Global  |d vLex Global (Academic Edition, excluding Law Schools)  |d vLex Global (U.S. Academic Edition, Law Schools)  |d vLex Global (U.S. Academic Edition, excluding Law Schools)  |d vLex Global (Academic Edition, Law Schools) 
650 0 4 |a Derecho Procesal  |z Canad̀ 
700 1 |a Spiro, David E. 
740 0 |a vLex Libros (Servicio en ln̕ea) 
856 4 0 |u https://app.vlex.com/#/sources/35285  |z Acceso restringido 
942 |c BOOK 
999 0 |a Procedural law